书目信息 |
| 题名: |
古巴比伦文明读本
|
|
| 作者: | 姜秋华 编著 | |
| 分册: | ||
| 出版信息: | 北京 中国档案出版社 2006 |
|
| 页数: | 176页 | |
| 开本: | 21cm | |
| 丛书名: | 世界文明之旅 | |
| 单 册: | ||
| 中图分类: | K124.3 | |
| 科图分类: | ||
| 主题词: | 巴比伦人--文化史 , 巴比伦人 , 文化史 | |
| 电子资源: | ||
| ISBN: | 7-80166-522-8 | |
| 000 | 00869oam2 2200289 45 | |
| 001 | 012006061501 | |
| 005 | 20070116160839.20 | |
| 010 | @a7-80166-522-8@dCNY258.00(全10册) | |
| 092 | @aCN@b496489 | |
| 100 | @a20060615d2006 em y0chiy0121 ea | |
| 101 | 0 | @achi |
| 102 | @aCN@b110000 | |
| 105 | @aa z 000yy | |
| 200 | 1 | @a古巴比伦文明读本@9gu ba bi lun wen ming dou ben@f姜秋华编著 |
| 210 | @a北京@c中国档案出版社@d2006 | |
| 215 | @a176页@c图@d21cm | |
| 225 | 2 | @a世界文明之旅 |
| 320 | @a有书目 | |
| 330 | @a本书讲述了古巴比伦文明的孕育与演进、法制故事、不朽的泥版文化、教育故事、宗教故事、科技故事、民俗故事。 | |
| 461 | 0 | @12001 @a世界文明之旅 |
| 606 | 0 | @a巴比伦人@x文化史 |
| 606 | 0 | @a巴比伦人 |
| 606 | 0 | @a文化史 |
| 690 | @aK124.3@v4 | |
| 701 | 0 | @a姜秋华@9jiang qiu hua@4编著 |
| 801 | 0 | @aCN@bLZJBOOK@c20070116 |
| 905 | @a10447@dK124.3@e161 | |
| 古巴比伦文明读本/姜秋华编著.-北京:中国档案出版社,2006 |
| 176页:图;21cm.-(世界文明之旅) |
| ISBN 7-80166-522-8:CNY258.00(全10册) |
| 本书讲述了古巴比伦文明的孕育与演进、法制故事、不朽的泥版文化、教育故事、宗教故事、科技故事、民俗故事。 |
| ● |
| 相关链接 |
|
|
|
|
正题名:古巴比伦文明读本
索取号:K124.3/161
 
预约/预借
| 序号 | 登录号 | 条形码 | 馆藏地/架位号 | 状态 | 备注 |
| 1 | 0567707 | 205677070 | 第二样本阅览室/ [索取号:K124.3/161] | 在馆 | |
| 2 | 0567708 | 205677089 | 第二借阅区/ [索取号:K124.3/161] | 在馆 | |
| 3 | 0567709 | 205677098 | 第二借阅区/ [索取号:K124.3/161] | 在馆 | |
| 4 | 0567710 | 205677105 | 第二借阅区/ [索取号:K124.3/161] | 在馆 | |
| 5 | 0567711 | 205677114 | 第二借阅区/ [索取号:K124.3/161] | 在馆 | |
| 6 | 0567712 | 205677123 | 第二借阅区/ [索取号:K124.3/161] | 在馆 | |
| 7 | 0567713 | 205677132 | 第二借阅区/ [索取号:K124.3/161] | 在馆 | |
| 8 | 0567714 | 205677141 | 第二借阅区/ [索取号:K124.3/161] | 在馆 |